| 000 | 01448cam a22002771i 4500 | ||
|---|---|---|---|
| 003 | SA_RiAUC | ||
| 005 | 20250315131139.0 | ||
| 008 | 241017s2013 su g 000 0 ara c | ||
| 040 |
_aSA-JeALM _bara _cSA-RiAUC _erda |
||
| 082 | 0 | 4 |
_a227.32 _qSA-RiAUC |
| 090 |
_a227.32 _b ج ل ا |
||
| 100 | 1 |
_aالجلال السيوطي، عبد الرحمن بن أبي بكر بن محمد، _d849-911 هجري _eمؤلف. |
|
| 245 | 1 | 2 |
_aالدر المنثور في التفسير بالمأثور / _cلجلال الدين السيوطي ؛ تحقيق عبد الله بن عبد المحسن التركي، بالتعاون مع مركز هجر للبحوث والدراسات العربية والإسلامية. |
| 250 | _aالطبعة الأولى. | ||
| 264 | 1 |
_aالقاهرة : _bمركز هجر للبحوث والدراسات العربية والإسلامية، _c2013 |
|
| 300 |
_a17 مجلد ؛ _c17 × 24 سم |
||
| 336 |
_aنص _btxt _2rdacontent _3كتاب |
||
| 337 |
_aبدون وسيط _bn _2rdamedia |
||
| 338 |
_aمجلد _bnc _2rdacarrier |
||
| 630 | 2 | 7 |
_aالقرآن _xتفاسير مأثورة _2aucut |
| 700 | 1 |
_aالتركي، عبد الله بن عبد المحسن، _d1359 هجري- _eمحقق. |
|
| 710 | 2 |
_aمركز هجر للبحوث والدراسات العربية والإسلامية (القاهرة) _eمحقق. |
|
| 730 | 2 | 2 | _aالقرآن |
| 942 |
_2ddc _cBOOK _n0 |
||
| 949 |
_aSA-JeALM _d241017 _umohamedma123 _n1 |
||
| 999 |
_c1466 _d1466 |
||